Metodología de la Investigación / (Registro nro. 14665)

Detalles MARC
000 -LEADER
fixed length control field 00986nam a2200289 a 4500
001 - CONTROL NUMBER
control field 000000004
003 - CONTROL NUMBER IDENTIFIER
control field OSt
005 - DATE AND TIME OF LATEST TRANSACTION
control field 20240613132626.0
008 - FIXED-LENGTH DATA ELEMENTS--GENERAL INFORMATION
fixed length control field 081201s2008 dr 001 0 spa d
020 ## - INTERNATIONAL STANDARD BOOK NUMBER
International Standard Book Number 9789275329139
040 ## - CATALOGING SOURCE
Original cataloging agency DO-SdBNP
Language of cataloging spa
Transcribing agency BPMSU
082 ## - DEWEY DECIMAL CLASSIFICATION NUMBER
Classification number 001.42
Item number P649m 2008
Edition number 22
100 1# - MAIN ENTRY--PERSONAL NAME
Personal name Pineda, Elia B.
245 10 - TITLE STATEMENT
Title Metodología de la Investigación /
Statement of responsibility, etc. Elia B. Pineda, Eva Luz de Alvarado
250 ## - EDITION STATEMENT
Edition statement 3a. ed.
260 ## - PUBLICATION, DISTRIBUTION, ETC. (IMPRINT)
Place of publication, distribution, etc. Wshington D.C :
Name of publisher, distributor, etc. Organización Panamericana de la Salud.
Date of publication, distribution, etc. 2008
300 ## - PHYSICAL DESCRIPTION
Extent 260 p. :
Other physical details il., graf. ;
Dimensions 28 cm.
500 ## - GENERAL NOTE
General note Incluye referencias bibliográficas y notas al pie de las páginas
504 ## - BIBLIOGRAPHY, ETC. NOTE
Bibliography, etc Bibliografía : 259-260
590 ## - LOCAL NOTE (RLIN)
Local note Inventariado, 2025/VM
650 #4 - SUBJECT ADDED ENTRY--TOPICAL TERM
Topical term or geographic name as entry element Metodología de la Investigación
General subdivision
650 #4 - SUBJECT ADDED ENTRY--TOPICAL TERM
Topical term or geographic name as entry element Proyectos de investigación
General subdivision Metodología.
700 1# - ADDED ENTRY--PERSONAL NAME
Personal name Alvarado, Eva Luz de
710 2# - ADDED ENTRY--CORPORATE NAME
Corporate name or jurisdiction name as entry element Organización Panamericana de la salud
910 ## - USER-OPTION DATA (OCLC)
User-option data VMateo V. Control de calidad. BPMSU
942 ## - ADDED ENTRY ELEMENTS (KOHA)
Source of classification or shelving scheme Dewey Decimal Classification
Koha item type Libros
Existencias
Withdrawn status Lost status Source of classification or shelving scheme Damaged status Not for loan Collection code Home library Current library Date acquired Total Checkouts Full call number Barcode Date last seen Price effective from Koha item type
    Dewey Decimal Classification     Colección General Biblioteca Pública Metropolitana Salomé Ureña Biblioteca Pública Metropolitana Salomé Ureña 06/13/2024   BPMSU CG 001.42 P649m 2008 BPMSU24060029 06/13/2024 06/13/2024 Libros